| 000 | 00598nam a22002057a 4500 | ||
|---|---|---|---|
| 003 | DO-SdBNP | ||
| 005 | 20171128135656.0 | ||
| 008 | 171128b 1984 cu ||||| |||| 00| 0 spa d | ||
| 040 |
_aBPMSU _bspa _cBPMSU |
||
| 092 |
_axxxx _bxxxx |
||
| 100 | 1 | _aMartín Fernández, Aida Matilde | |
| 245 | 1 | 0 |
_aTu Martí / _cselección Aida Matilde Martín. |
| 260 |
_aLa Habana : _bGente Nueva, _c1984. |
||
| 300 |
_a40 p. ; _c18 cm. |
||
| 490 | 1 | _aGente Nueva., Selección | |
| 830 | 0 | _aGente Nueva., Selección | |
| 942 |
_2ddc _cBK |
||
| 945 | _aInventariado | ||
| 956 |
_aLOPEREZ _b10 _c20171128 _h0041 |
||
| 999 |
_c13173 _d13173 |
||